00382nam a2200169Ia 4500003000400000005001700004008004100021020001900062040000700081041000800088082001300096100001200109245002500121260003800146300000900184650001900193OSt20250909110337.0250729s2005 xx 000 0 und d a978-8176487054 cAL aeng a370 RAOH aRao V K aHistory of education aNew DelhibA P H Publishingc2005 a270p aSocial Studies